Zbierka úloh z pravdepodobnosti a matematickej štatistiky /

Gespeichert in:
Bibliographische Detailangaben
Hauptverfasser: Lamoš, František (Verfasst von), Potocký, Rastislav (Verfasst von), Kalas, Jozef (Verfasst von), Komorník, Jozef, 1950- (Verfasst von)
Format: Buch
Sprache:Slowakisch
Veröffentlicht: Bratislava : Alfa, 1991
Ausgabe:2.vyd.
Schriftenreihe:Edícia matematicko-fyzikálnej literatúry
Tags: Tag hinzufügen
Keine Tags, Fügen Sie das erste Tag hinzu!

MARC

LEADER 00000nam a22000003a 4500
001 stu76664
005 20150617225645.3
008 020101s1991----cs------------------slo-d
020 |a 80-05-00524-5 
040 |a STU  |b slo 
041 0 |a slo 
044 |a cs 
080 |a 519.2 
100 1 |a Lamoš, František  |4 aut 
245 1 |a Zbierka úloh z pravdepodobnosti a matematickej štatistiky /  |c [aut.] Potocký,Rastislav; Kalas,Jozef; Komorník,Jozef; Lamoš,František 
250 |a 2.vyd. 
260 |a Bratislava :  |b Alfa,  |c 1991 
300 |a 388 s 
700 1 |a Potocký, Rastislav  |4 aut 
700 1 |a Kalas, Jozef  |4 aut 
700 1 |a Komorník, Jozef,  |d 1950-  |4 aut  |X 53864  |7 A000053864 
830 0 |a Edícia matematicko-fyzikálnej literatúry 
996 |b C88590  |c C*88590  |l CCVI  |s P  |a 0  |w stu76664_0001